| 000 | 00368nam a2200169Ia 4500 | ||
|---|---|---|---|
| 008 | 210210b1906 xxu||||| |||| 00| 0 eng d | ||
| 041 | _aeng | ||
| 082 | _a444/21 | ||
| 100 | _aPERRAULT | ||
| 245 | _aContes de fees | ||
| 260 |
_aLondon _bMacmillan & Co. Ltd. _c1906 |
||
| 650 | _afees | ||
| 650 | _ade | ||
| 650 | _aContes | ||
| 690 | _aFrench | ||
| 906 | _a006216 | ||
| 999 |
_c129236 _d129236 |
||